Αναγνώσματα περί των γενικών αρχών της συγκριτικής γλωσσικής
Αποθηκεύτηκε σε:
| Κύριοι συγγραφείς: | , |
|---|---|
| Άλλοι συγγραφείς: | |
| Μορφή: | Βιβλίο |
| Γλώσσα: | Greek |
| Δημοσίευση: |
Αθήναι :
Τυπ. Π. Δ. Σακελλαρίου,
1898.
|
| Θέματα: | |
| Ετικέτες: |
Προσθήκη ετικέτας
Δεν υπάρχουν, Καταχωρήστε ετικέτα πρώτοι!
|
MARC
| LEADER | 00000cam a2200000 i 4500 | ||
|---|---|---|---|
| 001 | 1/66141 | ||
| 008 | 150205s1898 gr ||| gre|| | ||
| 035 | |l 10120924 | ||
| 040 | |a GR-MY-UA |b gre |e aacr | ||
| 041 | 0 | |a gre | |
| 082 | 0 | |a 410 |2 (23) | |
| 100 | 1 | |a Whitney, William Dwight, |d 1827-1894. | |
| 245 | 1 | 0 | |a Αναγνώσματα περί των γενικών αρχών της συγκριτικής γλωσσικής / |c υπό Whitney και Jolly ; μετερρυθμισμένα εις την ελληνικήν υπό Γ. Ν. Χατζιδάκι. |
| 260 | |a Αθήναι : |b Τυπ. Π. Δ. Σακελλαρίου, |c 1898. | ||
| 300 | |a [736 σ.] ; |c 25 εκ. | ||
| 500 | |a Βιβλιοδετημένο με ελλιπείς σελίδες (λείπουν η σελίδα τίτλου και όλες οι σελίδες μέχρι την σελίδα 16 στη θέση τους έχουν συσταχωθεί λευκές σελίδες από τον βιβλιοδέτη) Η καταλογογράφηση έγινε από το συλλογικό κατάλογο. | ||
| 650 | 0 | 0 | |a Comparative linguistics. |
| 650 | 0 | 0 | |a Language and languages. |
| 700 | 1 | |a Jolly, Julius, |d 1849-1932, |e aut | |
| 700 | 1 | |a Χατζιδάκις, Γεώργιος Ν. |d 1848-1941, |e trl [Μεταφραστής] | |
| 852 | |a INST |b SAMOS |c PORFYRIADA |e 20150205 |h 410 WHI |p 005300041588 |q 005300041588 |t NOLOAN |y 23 | ||
| 901 | |a BIBL3-2015-1 | ||
| 909 | |a Σ |b 186104 | ||
| 970 | |a ΚΟΣΙΕΡΗΣ |b ΧΡΗΣΤΟΣ |z 2015/02/05 | ||